109 bệnh gia cầm KHKT ứng dụng

Đã lưu trong:
书目详细资料
主要作者: Nguyễn Xuân Bình
格式: 图书
语言:Undetermined
出版: Long An Nxb. Long An 1992
主题:
标签: 添加标签
没有标签, 成为第一个标记此记录!
Thư viện lưu trữ: Trung tâm Học liệu Trường Đại học Cần Thơ
LEADER 00549nam a2200181Ia 4500
001 CTU_14252
008 210402s9999 xx 000 0 und d
082 |a 636.50896 
082 |b B312/1992 
100 |a Nguyễn Xuân Bình 
245 0 |a 109 bệnh gia cầm 
245 0 |b KHKT ứng dụng 
245 0 |c Nguyễn Xuân Bình, Trần Xuân Hạnh, Tô Thị Phấn 
260 |a Long An 
260 |b Nxb. Long An 
260 |c 1992 
650 |a poultry - diseases 
980 |a Trung tâm Học liệu Trường Đại học Cần Thơ